000 00626nam a2200229Ia 4500
003 OSt
005 20220923225956.0
006 a|||||r|||| 00| 0
007 ta
008 220922b |||||||| |||| 00| 0 hin d
024 _a276,454
037 _cTextual
040 _aARTS
_cARTS
_bhin
041 _2hin
_ahin
082 _aO153,2N18,GH, J0
100 _aਗਾਰਗੀ, ਬਲਵੰਤ
_9156290
245 0 _aਘੁੱਗੀ
260 _c1950
650 _aਪੰਜਾਬੀ ਸਾਹਿਤ
942 _hO153,2N18,GH, J0
_cTEXL
_2CC
999 _c381711
_d381711